HOTEL MAINTENANCE 2ND ED (Record no. 708829)

MARC details
000 -LEADER
fixed length control field 00233nam a2200097Ia 4500
008 - FIXED-LENGTH DATA ELEMENTS--GENERAL INFORMATION
fixed length control field 230508s2001 xx 000 0 und d
041 ## - LANGUAGE CODE
Language code of text/sound track or separate title eng
100 ## - MAIN ENTRY--PERSONAL NAME
Personal name GOYAL & ARORA
245 ## - TITLE STATEMENT
Title HOTEL MAINTENANCE 2ND ED
260 ## - PUBLICATION, DISTRIBUTION, ETC.
Name of publisher, distributor, etc. STAND PUB
Date of publication, distribution, etc. 2001

No items available.